| 000 | 00499nam a2200157 4500 | ||
|---|---|---|---|
| 001 | 143260 | ||
| 003 | ES-MaACL | ||
| 005 | 20230906200750.0 | ||
| 007 | t| | ||
| 008 | 070214s1914 sp r ||||1| spa d | ||
| 100 | 1 |
_aSerra Orts, Antonio. _9105648 |
|
| 245 | 1 | 0 |
_aRecuerdos de la guerra del Kert de 1911-12 / _cAntonio Serra Orts. |
| 260 |
_aBarcelona : _b[s. n.], _c1914 ( _fImp. Elzeviriana de BorrĂ¡s, Mestres y Cia.) |
||
| 300 |
_a224 p. ; _c22 x 14 cm + _e6 plan. |
||
| 852 |
_aES-MaACL _jF-8358 |
||
| 999 |
_c143260 _d143260 |
||